000
00304nam a22001337a 4500
008
180309b xxu||||| |||| 00| 0 eng d
020
_a
2900132754261
041
_a
eng
080
_a
336.2
100
_a
55
101
_a
TAK
245
_a
Prentice hall's federal taxation
_c
Bandy,D.D
942
_2
udc
_c
BK
999
_c
44527
_d
44527